000 01992nam a22003137a 4500
999 _c64673
_d64673
005 20240530110744.0
008 181118s2018 ua bhk g b 000 0 ara d
017 _a2015/1327 (ج1)
_bمصر. دار الكتب
017 _a2015/13272 (ج2)
_bمصر. دار الكتب
017 _a2015/13271 (ج3)
_bمصر. دار الكتب
020 _a9789772122493 (ج1)
020 _a9789772122516 (ج2)
020 _a9789772122509 (ج3)
040 _aEG-CaGPL
_cEG-CaGPL
082 0 4 _221
_a953.071 /
_bس أ
100 0 _aسيف الاسلام السمان
245 1 2 _aالاوضاع البيئية فى الاندلس /
_cسيف الاسلام السمان
260 _aالاسكندرية :
_bمؤسسة شباب الجامعة ،
_c2018.
300 _a3 جزء :
_bايض ؛
_c24 سم.
500 _aالجزء الاول، المظاهر العمرانية والبيئية الاقتصادية منذ الفتح الاسلامى للاندلس حتى نهاية عصر دويلات الطوائف ( 92 هـ - 482 هـ / 711 م - 1091 م ) -- الجزء الثانى، البيئة الصحية والطبية فى الاندلس منذ الفتح الاسلامى للاندلس حتى نهاية عصر دويلات الطوائف ( 92 هـ - 484 هـ / 711 م - 1091 م ) -- الجزء الثالث، الحياة الاجتماعية والفكرية منذ الفتح الاسلامى للاندلس حتى نهاية عصر دويلات الطوائف ( 92 هـ - 484 هـ / 711 م - 1091 م ).
504 _aيشتمل على ارجاعات ببليوجرافية
651 0 7 _2qrmak
_aالاندلس
_xعمارة
651 0 7 _2qrmak
_aالاندلس
_xالاحوال الاقتصادية
651 0 7 _2qrmak
_aالاندلس
_xالاحوال البيئية
651 0 7 _2qrmak
_aالاندلس
_xالاحوال الاجتماعية
651 0 7 _2qrmak
_aالاندلس
_xالاحوال الثقافية
942 _2ddc
_cBK